Zamestnanecké výhody ako faktor spokojnosti zamestnancov s prácou diplomová práca

Uložené v:
Podrobná bibliografia
Hlavný autor: Križanská, Martina
Korporativný autor: Fakulta podnikového manažmentu EU. Katedra manažmentu
Ďalší autori: Gálik, Rudolf
Médium: Kniha
Jazyk:Slovak
Vydavateľské údaje: Bratislava 2015
Tagy: Pridať tag
Žiadne tagy, Buďte prvý, kto otaguje tento záznam!

MARC

LEADER 00000nbm a2200000 4500
001 0201247
005 20161212101122.9
041 0 |a slo 
044 |a SK 
245 1 0 |a Zamestnanecké výhody ako faktor spokojnosti zamestnancov s prácou  |b diplomová práca  |c Martina Križanská ; školiteľ: Rudolf Gálik 
264 1 |a Bratislava  |c 2015 
300 |a 70 s. 
100 1 |a Križanská, Martina 
700 1 |a Gálik, Rudolf 
710 2 |a Fakulta podnikového manažmentu EU. Katedra manažmentu